[Event "VIE-ch U17"]
[Site "Hanoi"]
[Date "2022.06.15"]
[Round "6"]
[White "Nguyen, Hoang Khang"]
[Black "Nguyen, Minh Chi Thien"]
[Result "0-1"]
[WhiteElo "2294"]
[BlackElo "2280"]
[PlyCount "41"]
[EventDate "2022.06.11"]
[EventType "swiss"]
[EventRounds "7"]
[EventCountry "VIE"]
[SourceTitle "EXT 2023"]
[Source "ChessBase"]
[SourceDate "2022.10.05"]
[SourceVersion "1"]
[SourceVersionDate "2022.10.05"]
[SourceQuality "1"]

1. d4 d5 2. c4 c6 3. Nc3 Nf6 4. c5 Bf5 5. Bg5 Nbd7 6. e3 e6 7. b4 Be7 8. Be2 0-0 9. Nf3 b6 10. Bxf6 Bxf6 11. Bd3 Bxd3 12. Qxd3 e5 13. Qd2 exd4 14. exd4 Re8+ 15. Ne2 Qe7 16. Nfg1 Qe4 17. Rd1 Qxg2 18. Qf4 Qxh1 19. Kf1 Re4 20. Qf5 Rae8 21. Qxe4 0-1

[Event "VIE-ch U17"]
[Site "Hanoi"]
[Date "2022.06.11"]
[Round "1"]
[White "Nguyen, Hoang Khang"]
[Black "Tran, Dang Minh Quang"]
[Result "0-1"]
[WhiteElo "2294"]
[BlackElo "2283"]
[PlyCount "50"]
[EventDate "2022.06.11"]
[EventType "swiss"]
[EventRounds "7"]
[EventCountry "VIE"]
[SourceTitle "EXT 2023"]
[Source "ChessBase"]
[SourceDate "2022.10.05"]
[SourceVersion "1"]
[SourceVersionDate "2022.10.05"]
[SourceQuality "1"]

1. d4 d5 2. c4 c6 3. Nc3 Nf6 4. Bg5 e6 5. e3 Nbd7 6. Nf3 Be7 7. Be2 0-0 8. c5 Re8 9. a3 h6 10. Bh4 e5 11. Nxe5 Nxe5 12. dxe5 Nd7 13. Bxe7 Qxe7 14. b4 Qxe5 15. Qd4 Qg5 16. 0-0 Nf8 17. Bf3 Bf5 18. Rfd1 Ne6 19. Qd2 Qf6 20. e4 dxe4 21. Bxe4 Rad8 22. Qe1 Nd4 23. Ra2 Qg6 24. Qe3 Bxe4 25. Nxe4 Rxe4 0-1